[Event "DEM U12/U12w 2007"]
[Site "Willingen GER"]
[Date "2007.05.27"]
[Round "2"]
[White "Baier, Christoph"]
[Black "Sasse, Fabius"]
[Result "1/2-1/2"]
[Termination "normal"]
[Board "23"]
[WhiteElo "1302"]
[BlackElo "1415"]
[PlyCount "105"]
[WhiteFideId "24655759"]
[BlackFideId "24659657"]
[EventCountry "GER"]
[EventRounds "11"]
[EventType "swiss"]
[EventDate "2007.05.26"]

1. e4 e5 2. Nf3 Nc6 3. Bc4 Bc5 4. d3 Nf6 5. Bg5 h6 6. Bh4 d6 7. h3 Be6 8. Bb3
g5 9. Bg3 Qe7 10. Nc3 O-O-O 11. Qd2 Nd7 12. O-O-O Bb4 13. Kb1 Nd4 14. Nxd4 exd4
15. Nd5 Bxd5 16. Qxb4 c5 17. Qa5 Bxb3 18. axb3 Kb8 19. b4 b6 20. Qb5 Ne5 21. b3
f6 22. Kb2 Qd7 23. Qxd7 Rxd7 24. bxc5 dxc5 25. Bxe5+ fxe5 26. f3 Rdh7 27. Rd2
h5 28. Rf1 Rf8 29. Rdf2 Rh6 30. Ka3 b5 31. Kb2 Ra6 32. Ra1 Rxa1 33. Kxa1 g4 34.
hxg4 hxg4 35. Kb2 Kc7 36. Rf1 Kd7 37. Rh1 gxf3 38. gxf3 Ke6 39. Rh6+ Rf6 40.
Rh7 Rf7 41. Rh6+ Kd7 42. Ra6 Kc8 43. Rc6+ Rc7 44. Re6 c4 45. bxc4 bxc4 46. dxc4
Rc5 47. Kb3 Kd7 48. Ra6 Rc7 49. Ra5 Ke6 50. Kb4 Kf6 51. Rb5 Re7 52. Rb8 Kg5 53.
Rf8 1/2-1/2

[Event "DEM U12/U12w 2007"]
[Site "Willingen GER"]
[Date "2007.05.27"]
[Round "2"]
[White "Marquardt, Patrick"]
[Black "Hort, Max"]
[Result "1-0"]
[Termination "normal"]
[Board "24"]
[WhiteElo "1757"]
[BlackElo "1337"]
[PlyCount "39"]
[WhiteFideId "4670086"]
[BlackFideId "24600849"]
[EventCountry "GER"]
[EventRounds "11"]
[EventType "swiss"]
[EventDate "2007.05.26"]

1. e4 e5 2. Nf3 Nc6 3. Bc4 Bc5 4. b4 Bxb4 5. c3 Bc5 6. d4 exd4 7. cxd4 Bb4+ 8.
Bd2 Bxd2+ 9. Nbxd2 d6 10. O-O Bg4 11. Qb3 Nh6 12. Qxb7 Bd7 13. Qb3 O-O 14. Rab1
Re8 15. Qc2 Qf6 16. Bd5 Rab8 17. Bxc6 Rxb1 18. Rxb1 Bxc6 19. Qxc6 Rd8 20. Qxc7
1-0

[Event "DEM U12/U12w 2007"]
[Site "Willingen GER"]
[Date "2007.05.27"]
[Round "2"]
[White "Göbel, Constantin"]
[Black "Eimer, Christina"]
[Result "1-0"]
[Termination "normal"]
[Board "25"]
[WhiteElo "1846"]
[BlackElo "928"]
[PlyCount "31"]
[WhiteFideId "24647071"]
[BlackFideId "24655767"]
[EventCountry "GER"]
[EventRounds "11"]
[EventType "swiss"]
[EventDate "2007.05.26"]

1. e4 e6 2. d4 d5 3. Nc3 c5 4. exd5 exd5 5. dxc5 Bxc5 6. Qxd5 Qxd5 7. Nxd5 Na6
8. Bxa6 bxa6 9. Nc7+ Kd8 10. Nxa8 Bb7 11. Nf3 Bxa8 12. Bf4 Nf6 13. O-O-O+ Ke7
14. Rhe1+ Kf8 15. Rd8+ Ne8 16. Rdxe8# 1-0

[Event "DEM U12/U12w 2007"]
[Site "Willingen GER"]
[Date "2007.05.27"]
[Round "2"]
[White "Günthner, Arthur"]
[Black "Kaphle, Sebastian"]
[Result "0-1"]
[Termination "normal"]
[Board "26"]
[WhiteElo "1698"]
[BlackElo "2010"]
[PlyCount "92"]
[BlackFideId "24626708"]
[EventCountry "GER"]
[EventRounds "11"]
[EventType "swiss"]
[EventDate "2007.05.26"]

1. d4 Nf6 2. c4 c5 3. d5 e6 4. Nc3 exd5 5. cxd5 d6 6. g3 g6 7. Bg2 Bg7 8. Nf3
O-O 9. O-O a6 10. a4 Nbd7 11. Bf4 Qe7 12. Re1 Nh5 13. Bg5 f6 14. Bd2 Ne5 15.
Qb3 Qc7 16. Nxe5 fxe5 17. e4 Bg4 18. a5 Rf7 19. h3 Bd7 20. Be3 Raf8 21. Na4 Bb5
22. Nc3 Bd7 23. Na4 Qd8 24. Qb6 Qf6 25. Re2 Bb5 26. Rd2 Nf4 27. Nc3 Bd7 28.
gxf4 exf4 29. Bxc5 f3 30. Qxd6 Qg5 31. Qg3 Qxd2 32. Bxf8 Rxf8 33. Bxf3 Qxb2 34.
Re1 Qxc3 35. Re3 Qa1+ 36. Kg2 Be5 37. Qh4 Bb5 38. Be2 Bxe2 39. Rxe2 Qd4 40. Re3
Bf4 41. Re2 Qe5 42. Qg4 Kg7 43. h4 Qc7 44. h5 Rf6 45. Qh4 gxh5 46. Qxh5 Qc1 0-1

[Event "DEM U12/U12w 2007"]
[Site "Willingen GER"]
[Date "2007.05.27"]
[Round "2"]
[White "Kaden, Romy"]
[Black "Gisy, Roberto"]
[Result "0-1"]
[Termination "normal"]
[Board "27"]
[WhiteElo "1272"]
[BlackElo "1823"]
[PlyCount "110"]
[WhiteFideId "12931616"]
[EventCountry "GER"]
[EventRounds "11"]
[EventType "swiss"]
[EventDate "2007.05.26"]

1. e4 e5 2. Nf3 Nc6 3. d4 exd4 4. Nxd4 Bc5 5. Be3 Qf6 6. c3 Nge7 7. Bc4 Ne5 8.
Be2 Qg6 9. O-O d6 10. Nd2 Bh3 11. Bf3 O-O-O 12. Kh1 Nxf3 13. Qxf3 Bg4 14. Qg3
h5 15. f3 Bd7 16. Qxg6 Nxg6 17. Nc2 Bxe3 18. Nxe3 Rde8 19. Rad1 Nf4 20. g3 Nd3
21. Ndc4 Ne5 22. b3 Rhf8 23. h3 Bxh3 24. Rf2 Nxc4 25. Nxc4 Be6 26. Ne3 f5 27.
exf5 Bxf5 28. Re1 Be4 29. Ng2 Kd7 30. Kg1 Bxf3 31. Rxe8 Kxe8 32. Rd2 Bxg2 33.
Kxg2 Rf5 34. Rd4 Kd7 35. Re4 Rg5 36. Rf4 Ke6 37. Kh3 g6 38. Kh4 Rg4+ 39. Rxg4
hxg4 40. Kxg4 Kf6 41. Kf4 d5 42. g4 g5+ 43. Kf3 c5 44. a4 Ke5 45. Ke3 d4+ 46.
cxd4+ cxd4+ 47. Kf3 a5 48. Kg3 Ke4 49. Kf2 d3 50. Kf1 Ke3 51. Ke1 d2+ 52. Kd1
Kd3 53. b4 axb4 54. a5 b3 55. a6 b2 0-1

[Event "DEM U12/U12w 2007"]
[Site "Willingen GER"]
[Date "2007.05.27"]
[Round "2"]
[White "Schreiner, Till"]
[Black "Rethmann, Kristin"]
[Result "1-0"]
[Termination "normal"]
[Board "28"]
[WhiteElo "2003"]
[BlackElo "1289"]
[PlyCount "81"]
[WhiteFideId "24675555"]
[BlackFideId "24655805"]
[EventCountry "GER"]
[EventRounds "11"]
[EventType "swiss"]
[EventDate "2007.05.26"]

1. d4 d5 2. c4 e6 3. Nc3 f5 4. Nf3 Nf6 5. Bf4 Bd6 6. Bxd6 Qxd6 7. e3 c6 8. Be2
O-O 9. cxd5 Nxd5 10. O-O Rf6 11. Qc2 Nxc3 12. bxc3 Rh6 13. h3 Nd7 14. e4 g6 15.
Bc4 Kg7 16. exf5 gxf5 17. Rfe1 Nf8 18. Re3 Bd7 19. Rae1 Re8 20. Ne5 Bc8 21. Qd2
Ng6 22. Rg3 Qf8 23. Qf4 Re7 24. Qg5 Kh8 25. Rge3 Nxe5 26. Rxe5 Rg6 27. Qf4 Qf6
28. Bd3 Reg7 29. g3 Rg5 30. c4 Rh5 31. Kg2 Rg6 32. d5 cxd5 33. cxd5 Qf7 34. Qd4
Qf6 35. dxe6 Bxe6 36. Qxa7 Bd7 37. Qd4 Bc6+ 38. f3 Rg7 39. Re8+ Bxe8 40. Rxe8+
Qf8 41. Rxf8# 1-0

[Event "DEM U12/U12w 2007"]
[Site "Willingen GER"]
[Date "2007.05.27"]
[Round "2"]
[White "Große, Christian"]
[Black "Grötzbach, Julian"]
[Result "1-0"]
[Termination "normal"]
[Board "29"]
[WhiteElo "1888"]
[BlackElo "1260"]
[PlyCount "143"]
[WhiteFideId "24646156"]
[BlackFideId "24600938"]
[EventCountry "GER"]
[EventRounds "11"]
[EventType "swiss"]
[EventDate "2007.05.26"]

1. e4 c5 2. Nf3 d6 3. d4 cxd4 4. Nxd4 Nf6 5. Nc3 g6 6. Be3 Bg7 7. Be2 Nc6 8.
O-O O-O 9. Kh1 d5 10. Nxc6 bxc6 11. e5 Ne8 12. f4 f6 13. exf6 Bxf6 14. Bd4 Qc7
15. Bf3 Kh8 16. Bxf6+ Nxf6 17. Qd2 Ne8 18. g3 Bb7 19. Rfe1 Ng7 20. Na4 Rae8 21.
Re5 Rf5 22. Rae1 h6 23. Nc5 Rxe5 24. Rxe5 Bc8 25. Qe2 Nf5 26. c3 Qd6 27. Ne6
Ng7 28. Nxg7 Kxg7 29. Qe3 Qc7 30. Qd4 Kh7 31. c4 dxc4 32. Qxc4 Kg7 33. Qc3 Kf7
34. Bxc6 Bb7 35. Qb3+ Kf8 36. Qxb7 Qxb7 37. Bxb7 Rb8 38. Rb5 Rd8 39. Bf3 Rd3
40. Kg2 Rd2+ 41. Kg1 Rd3 42. Kf2 Rd2+ 43. Be2 Rd6 44. Rb7 Rd2 45. Ke3 Rd6 46.
Rxa7 Re6+ 47. Kf3 Rb6 48. b3 Rc6 49. Ra6 Rc3+ 50. Ke4 Rc2 51. Bd3 Rxh2 52. b4
Rg2 53. Kf3 Rb2 54. b5 Rd2 55. Bxg6 e5 56. fxe5 Rd5 57. b6 Rxe5 58. b7 Rb5 59.
Ra8+ Kg7 60. Be4 h5 61. b8=Q Rxb8 62. Rxb8 h4 63. gxh4 Kf6 64. Kf4 Kg7 65. Kg5
Kf7 66. Rb6 Ke7 67. Bf5 Ke8 68. Rb7 Kd8 69. h5 Ke8 70. h6 Kf8 71. h7 Ke8 72.
h8=Q# 1-0

[Event "DEM U12/U12w 2007"]
[Site "Willingen GER"]
[Date "2007.05.27"]
[Round "2"]
[White "Kuckling, Hannah"]
[Black "Pauly, Carlo"]
[Result "1-0"]
[Termination "normal"]
[Board "30"]
[WhiteElo "1248"]
[BlackElo "1687"]
[PlyCount "95"]
[WhiteFideId "24603660"]
[BlackFideId "24673269"]
[EventCountry "GER"]
[EventRounds "11"]
[EventType "swiss"]
[EventDate "2007.05.26"]

1. e4 c5 2. c3 Nf6 3. e5 Nd5 4. Bc4 Nb6 5. Bb3 Qc7 6. Nf3 Nc6 7. d4 cxd4 8.
cxd4 d6 9. Bf4 Bf5 10. Nc3 Rd8 11. O-O a6 12. Rc1 e6 13. Bg5 Rd7 14. Na4 h6 15.
Bf4 Qd8 16. Re1 Be7 17. Bc2 Bg4 18. h3 Bxf3 19. Qxf3 Nxd4 20. Qg3 Nxc2 21. Nxb6
Nxe1 22. Nxd7 Nxg2 23. Kxg2 Qxd7 24. exd6 Bg5 25. Bxg5 hxg5 26. Qxg5 O-O 27.
Qe7 Qd8 28. Rc7 b5 29. Ra7 Qc8 30. Qc7 Qxc7 31. dxc7 Rc8 32. Rb7 Kh7 33. Kf3
Kg6 34. Ke4 Kf6 35. Kd4 Ke7 36. Kc5 e5 37. Kc6 Ke6 38. Rb8 Rxc7+ 39. Kxc7 f5
40. Ra8 e4 41. Rxa6+ Kd5 42. Rd6+ Ke5 43. Kc6 f4 44. Rd5+ Kf6 45. Kd6 g5 46.
Rd4 Kf5 47. Kd5 e3 48. f3 1-0

[Event "DEM U12/U12w 2007"]
[Site "Willingen GER"]
[Date "2007.05.27"]
[Round "2"]
[White "Holzmann, Arthur"]
[Black "Galkin, Wladislaw"]
[Result "0-1"]
[Termination "normal"]
[Board "31"]
[WhiteElo "1229"]
[BlackElo "1675"]
[PlyCount "50"]
[BlackFideId "4603192"]
[EventCountry "GER"]
[EventRounds "11"]
[EventType "swiss"]
[EventDate "2007.05.26"]

1. e4 e5 2. f4 d6 3. Nf3 Bg4 4. h3 Bxf3 5. Qxf3 Nf6 6. Bc4 Nc6 7. c3 Be7 8. d3
O-O 9. Bd2 exf4 10. Bxf4 Ne5 11. Bxe5 dxe5 12. Nd2 c6 13. g4 Nd7 14. O-O-O b5
15. Bb3 Nc5 16. Bc2 a5 17. Qe3 Qb6 18. Rde1 b4 19. c4 a4 20. Bb1 Qa6 21. Nf3 a3
22. Qd2 axb2+ 23. Qxb2 b3 24. Re2 Nxd3+ 25. Bxd3 Ba3 0-1

[Event "DEM U12/U12w 2007"]
[Site "Willingen GER"]
[Date "2007.05.27"]
[Round "2"]
[White "Hauffen, Franziska"]
[Black "Moritz, Aron"]
[Result "0-1"]
[Termination "normal"]
[Board "32"]
[WhiteElo "1211"]
[BlackElo "1494"]
[PlyCount "56"]
[BlackFideId "24672319"]
[EventCountry "GER"]
[EventRounds "11"]
[EventType "swiss"]
[EventDate "2007.05.26"]

1. e4 c5 2. Nf3 d6 3. d4 cxd4 4. Nxd4 Nf6 5. Nc3 g6 6. f3 Bg7 7. Be3 O-O 8. Qd2
Nc6 9. O-O-O Nxd4 10. Qxd4 Be6 11. g4 Nxg4 12. Qd2 Nxe3 13. Qxe3 Qa5 14. Kb1
Rfc8 15. Rd3 Rc5 16. a3 Qc7 17. f4 b5 18. Qd2 Rc8 19. h4 a5 20. Rh2 Bc4 21. Rf3
Bxf1 22. Rxf1 Bxc3 23. bxc3 Rxc3 24. h5 Qc4 25. Re1 Rxa3 26. c3 Rb3+ 27. Ka1
Qa4+ 28. Qa2 Ra3 1-0

[Event "DEM U12/U12w 2007"]
[Site "Willingen GER"]
[Date "2007.05.27"]
[Round "2"]
[White "Pohl, Theresa"]
[Black "Bodenstein, Lars"]
[Result "0-1"]
[Termination "normal"]
[Board "33"]
[WhiteElo "1482"]
[BlackElo "1241"]
[PlyCount "42"]
[BlackFideId "12912352"]
[EventCountry "GER"]
[EventRounds "11"]
[EventType "swiss"]
[EventDate "2007.05.26"]

1. d4 d5 2. Nf3 e6 3. e3 f5 4. Bd3 c6 5. c4 Nf6 6. O-O Bd6 7. Nc3 O-O 8. Bd2
Ne4 9. a3 g5 10. b4 g4 11. Bxe4 dxe4 12. Ne5 Qh4 13. c5 Bc7 14. g3 Qh3 15. Nc4
Rf6 16. Nxe4 fxe4 17. Ne5 Bxe5 18. dxe5 Rh6 19. Re1 Qxh2+ 20. Kf1 Qh1+ 21. Ke2
Qf3+ 0-1

[Event "DEM U12/U12w 2007"]
[Site "Willingen GER"]
[Date "2007.05.27"]
[Round "2"]
[White "Marquardt, Annabelle"]
[Black "Höpfner, Tim"]
[Result "0-1"]
[Termination "normal"]
[Board "34"]
[WhiteElo "1199"]
[BlackElo "1478"]
[PlyCount "70"]
[WhiteFideId "12900125"]
[BlackFideId "4638310"]
[EventCountry "GER"]
[EventRounds "11"]
[EventType "swiss"]
[EventDate "2007.05.26"]

1. e4 c5 2. Nf3 d6 3. d4 cxd4 4. Nxd4 Nf6 5. Nc3 a6 6. h3 e5 7. Nde2 Be7 8. g4
Be6 9. Ng3 g6 10. Bg2 Nbd7 11. O-O Qc7 12. Be3 h5 13. g5 Nh7 14. h4 f6 15. Qd2
O-O-O 16. b4 fxg5 17. hxg5 h4 18. Nge2 h3 19. Bh1 h2+ 20. Kxh2 Nxg5+ 21. Kg1
Rxh1+ 22. Kxh1 Rh8+ 23. Kg1 Nf3+ 24. Kg2 Nxd2 25. Bxd2 Bh3+ 26. Kg1 Bxf1 27.
Rxf1 Nf6 28. Rc1 Qd7 29. Ng3 Nh5 30. Nd5 Bd8 31. Be3 Qh3 32. Bb6 Nxg3 33. fxg3
Qxg3+ 34. Kf1 Qf3+ 35. Bf2 Rh1# 0-1

[Event "DEM U12/U12w 2007"]
[Site "Willingen GER"]
[Date "2007.05.27"]
[Round "2"]
[White "Schmitt, Katrin"]
[Black "Stolcz, Bianca"]
[Result "1/2-1/2"]
[Termination "normal"]
[Board "35"]
[WhiteElo "1472"]
[BlackElo "1228"]
[PlyCount "115"]
[WhiteFideId "24654400"]
[BlackFideId "24654914"]
[EventCountry "GER"]
[EventRounds "11"]
[EventType "swiss"]
[EventDate "2007.05.26"]

1. e4 c5 2. Nf3 e6 3. d4 cxd4 4. Nxd4 Nc6 5. Nxc6 bxc6 6. Bd3 Nf6 7. O-O Be7 8.
c4 Qc7 9. Qe2 d6 10. Nc3 O-O 11. f4 e5 12. f5 Bb7 13. Qf3 Qb6+ 14. Kh1 Rfd8 15.
g4 d5 16. g5 dxe4 17. Nxe4 Nxe4 18. Bxe4 Bf8 19. g6 h6 20. gxf7+ Kxf7 21. Qh5+
Kg8 22. f6 c5 23. f7+ Kh8 24. Qxe5 Qd6 25. Qf5 Bxe4+ 26. Qxe4 Qd3 27. Qxd3 Rxd3
28. Bf4 Rd4 29. b3 Kh7 30. Rae1 g5 31. Bg3 Rd2 32. Re8 Rdd8 33. Rfe1 Kg7 34.
Rxd8 Rxd8 35. Rf1 Rd7 36. Kg1 Rxf7 37. Be5+ Kg6 38. Rxf7 Kxf7 39. Kf2 Ke6 40.
Bb8 a6 41. Ke3 Kf5 42. Kd3 h5 43. Kc2 h4 44. Kd3 g4 45. Ke3 Bh6+ 46. Kf2 Bf4
47. Ba7 Bd6 48. Bb6 Kf4 49. Bd8 g3+ 50. hxg3+ hxg3+ 51. Kg2 Kg4 52. a3 Kf4 53.
Ba5 Ke4 54. b4 cxb4 55. axb4 Kd4 56. c5 Bxc5 57. bxc5 Kxc5 58. Kxg3 1/2-1/2

[Event "DEM U12/U12w 2007"]
[Site "Willingen GER"]
[Date "2007.05.27"]
[Round "2"]
[White "Lehmann, Patricia"]
[Black "Marx, Inga"]
[Result "1/2-1/2"]
[Termination "normal"]
[Board "36"]
[WhiteElo "1149"]
[BlackElo "1469"]
[PlyCount "141"]
[WhiteFideId "12900060"]
[BlackFideId "4654749"]
[EventCountry "GER"]
[EventRounds "11"]
[EventType "swiss"]
[EventDate "2007.05.26"]

1. d4 d5 2. c4 e6 3. Nf3 Nf6 4. Nc3 Be7 5. Bf4 a6 6. e3 O-O 7. Qc2 b6 8. Rc1
Bb7 9. a3 dxc4 10. Bxc4 Bxf3 11. gxf3 Nc6 12. Rd1 Bd6 13. Bg5 h6 14. Bh4 Be7
15. b4 Nh7 16. Bxe7 Qxe7 17. d5 Ne5 18. Be2 Rfd8 19. f4 Ng6 20. Bc4 Qf6 21. Ke2
e5 22. Ne4 Qf5 23. Bd3 Qg4+ 24. f3 Qg2+ 25. Nf2 exf4 26. Rdg1 Qxg1 27. Rxg1
fxe3 28. Kxe3 Re8+ 29. Kd2 Nhf8 30. Bxg6 Nxg6 31. Qc3 Rad8 32. f4 Rxd5+ 33. Nd3
Red8 34. Rg3 h5 35. Qxc7 R5d6 36. Rf3 Nxf4 37. Qxd8+ Rxd8 38. Rxf4 f6 39. Rf5
h4 40. Rf4 a5 41. bxa5 bxa5 42. Rxh4 Kf7 43. Rh5 Ra8 44. Nb2 Rd8+ 45. Ke3 Re8+
46. Kf3 Rb8 47. Nc4 Rb3+ 48. Ke2 a4 49. Ra5 Rh3 50. Rxa4 Rxh2+ 51. Kd3 Rh3+ 52.
Ne3 g5 53. Ra7+ Kg6 54. Ke2 Rh8 55. a4 Rf8 56. a5 f5 57. Ra6+ Kh5 58. Rb6 f4
59. Nc4 f3+ 60. Kf2 Ra8 61. Rb5 Kg4 62. Ne3+ Kf4 63. Rb4+ Ke5 64. Rb5+ Kf4 65.
Nd5+ Ke4 66. Nf6+ Kf4 67. Rb4+ Kf5 68. Nd5 Rxa5 69. Ne3+ Kg6 70. Kxf3 Kh5 71.
Rc4 1/2-1/2

[Event "DEM U12/U12w 2007"]
[Site "Willingen GER"]
[Date "2007.05.27"]
[Round "2"]
[White "Rührmund, Daniel"]
[Black "Rozenfeld, Elisabeth"]
[Result "1-0"]
[Termination "normal"]
[Board "37"]
[WhiteElo "1818"]
[BlackElo "1207"]
[PlyCount "103"]
[WhiteFideId "24674583"]
[BlackFideId "4624742"]
[EventCountry "GER"]
[EventRounds "11"]
[EventType "swiss"]
[EventDate "2007.05.26"]

1. e4 d5 2. exd5 Qxd5 3. Nc3 Qa5 4. Nf3 Nf6 5. h3 Nc6 6. Bc4 e5 7. Qe2 Bd6 8.
O-O Bf5 9. d3 O-O-O 10. Bxf7 h6 11. Nh4 Bh7 12. Ng6 Bxg6 13. Bxg6 Ne7 14. Bf7
g5 15. Qf3 Nd7 16. Be6 Rdf8 17. Bxd7+ Kxd7 18. Qxb7 Rb8 19. Qe4 Rhf8 20. Qg4+
Rf5 21. Ne4 Kd8 22. Bd2 Qb6 23. Nxd6 cxd6 24. Qa4 Nc6 25. Qc4 Kc7 26. b3 Rbf8
27. Be3 Qb7 28. a4 R5f6 29. Qb5 a6 30. Qc4 Rc8 31. Rab1 Kd7 32. Qg4+ Kd8 33.
Qh5 Nb4 34. Qe2 Qd5 35. Bb6+ Ke7 36. a5 Na2 37. c4 Nc1 38. Rfxc1 Qc6 39. d4 Rf5
40. Re1 Kf6 41. d5 Qe8 42. g4 Rf4 43. Be3 Re4 44. Qf3+ Rf4 45. Bxf4 gxf4 46.
Qe4 Qg6 47. Qxg6+ Kxg6 48. f3 Rc5 49. Ra1 Kg5 50. Kg2 Kh4 51. Kf2 Kxh3 52. Rh1#
1-0

[Event "DEM U12/U12w 2007"]
[Site "Willingen GER"]
[Date "2007.05.27"]
[Round "2"]
[White "Schmalhorst, Sophia"]
[Black "Preiß, Vincent"]
[Result "0-1"]
[Termination "normal"]
[Board "38"]
[WhiteElo "1109"]
[BlackElo "1452"]
[PlyCount "58"]
[WhiteFideId "24682497"]
[BlackFideId "24660850"]
[EventCountry "GER"]
[EventRounds "11"]
[EventType "swiss"]
[EventDate "2007.05.26"]

1. e4 e5 2. Nf3 Nc6 3. Bc4 Bc5 4. d3 Nge7 5. Nc3 d6 6. h3 O-O 7. Be3 Bb6 8. Qd2
Bxe3 9. fxe3 Na5 10. Bb3 Nxb3 11. axb3 f5 12. O-O-O a5 13. Rdf1 fxe4 14. Nxe4
a4 15. bxa4 Rxa4 16. Nc3 Ra1+ 17. Nb1 Be6 18. b3 Qa8 19. Qc3 Nc6 20. Kd2 b5 21.
Ke2 b4 22. Qb2 Ra2 23. Qc1 Bxb3 24. Ne1 Rxf1 25. Rxf1 Be6 26. Nf3 b3 27. Ne1
bxc2 28. Nd2 Nb4 29. Ndf3 Qa6 0-1

[Event "DEM U12/U12w 2007"]
[Site "Willingen GER"]
[Date "2007.05.27"]
[Round "2"]
[White "Gubela, Hans-Erich Constantin"]
[Black "Oltzen, Aljoscha"]
[Result "1-0"]
[Termination "normal"]
[Board "39"]
[WhiteElo "1448"]
[BlackElo "1199"]
[PlyCount "51"]
[WhiteFideId "24692140"]
[EventCountry "GER"]
[EventRounds "11"]
[EventType "swiss"]
[EventDate "2007.05.26"]

1. d4 e6 2. c4 d5 3. Nc3 Nf6 4. e3 Nbd7 5. Nf3 c6 6. Qc2 Bd6 7. g4 h6 8. e4
dxe4 9. Nxe4 Nxe4 10. Qxe4 Nf6 11. Qe3 Nxg4 12. Qb3 Nf6 13. Rg1 Rg8 14. Be3 Qc7
15. h3 Bf4 16. O-O-O Bxe3+ 17. fxe3 Ne4 18. h4 Nf6 19. Bh3 Bd7 20. Rd2 Ne4 21.
Rdg2 g6 22. Qd3 Nf6 23. Ne5 Ke7 24. Rf2 Rg7 25. Rgf1 Nh7 26. Rxf7+ 1-0

[Event "DEM U12/U12w 2007"]
[Site "Willingen GER"]
[Date "2007.05.27"]
[Round "2"]
[White "Purgahn, Robin"]
[Black "Winterholler, Christina"]
[Result "0-1"]
[Termination "normal"]
[Board "40"]
[WhiteElo "1053"]
[BlackElo "1447"]
[PlyCount "50"]
[BlackFideId "24652105"]
[EventCountry "GER"]
[EventRounds "11"]
[EventType "swiss"]
[EventDate "2007.05.26"]

1. e4 e5 2. f4 Bc5 3. Nf3 d6 4. Bc4 Nf6 5. Nc3 Nc6 6. Qe2 Bg4 7. h3 Nd4 8. hxg4
Nxe2 9. Kxe2 exf4 10. d4 Bb6 11. a4 a5 12. g5 Nxe4 13. Bxf7+ Kxf7 14. Nxe4 Re8
15. Kd3 Qd7 16. c3 Qf5 17. Nfd2 d5 18. Re1 dxe4+ 19. Nxe4 Rxe4 20. Rxe4 Re8 21.
Kc4 Qxe4 22. b4 axb4 23. a5 Ba7 24. cxb4 Qxd4+ 25. Kb3 Qxa1 0-1

[Event "DEM U12/U12w 2007"]
[Site "Willingen GER"]
[Date "2007.05.27"]
[Round "2"]
[White "Urban, Lars"]
[Black "Richter, Jannina"]
[Result "1-0"]
[Termination "normal"]
[Board "41"]
[WhiteElo "1441"]
[BlackElo "1137"]
[PlyCount "65"]
[WhiteFideId "4644034"]
[EventCountry "GER"]
[EventRounds "11"]
[EventType "swiss"]
[EventDate "2007.05.26"]

1. c4 e5 2. Nc3 Nf6 3. Nf3 Nc6 4. g3 d5 5. cxd5 Nxd5 6. Bg2 Be6 7. O-O Bc5 8.
Ng5 Qxg5 9. Nxd5 Bxd5 10. Bxd5 Qf6 11. Bg2 O-O 12. d3 Rfe8 13. Bd2 Rad8 14. Qc2
Bb6 15. Be3 Rd7 16. Bxb6 axb6 17. e3 Nb4 18. Qc3 Nxd3 19. Bxb7 Nc5 20. Bg2 Red8
21. b4 Ne6 22. Rac1 Rd2 23. Rc2 R8d3 24. Qxd2 Rxd2 25. Rxd2 Qe7 26. a3 f5 27.
Rfd1 Qf6 28. Bd5 h6 29. Rc1 Kh7 30. Rc6 Qd8 31. Rxe6 Qd7 32. Rxe5 c6 33. Bg8+
1-0

[Event "DEM U12/U12w 2007"]
[Site "Willingen GER"]
[Date "2007.05.27"]
[Round "2"]
[White "Matschewsky, Justus"]
[Black "Michalik, Marina"]
[Result "1-0"]
[Termination "normal"]
[Board "42"]
[WhiteElo "1413"]
[BlackElo "1095"]
[PlyCount "135"]
[WhiteFideId "24678708"]
[EventCountry "GER"]
[EventRounds "11"]
[EventType "swiss"]
[EventDate "2007.05.26"]

1. e4 e5 2. Nf3 Nc6 3. Bc4 Bc5 4. c3 Qe7 5. O-O d6 6. d4 Bb6 7. dxe5 Nxe5 8.
Nxe5 dxe5 9. Qf3 Nf6 10. Bg5 Be6 11. Bxe6 Qxe6 12. Bxf6 Qxf6 13. Qxf6 gxf6 14.
Rd1 Bc5 15. Rd3 Bd6 16. Nd2 O-O-O 17. Rd1 Bc5 18. Nb3 Bb6 19. c4 c6 20. Nc1
Rxd3 21. Rxd3 Rd8 22. Kf1 Bd4 23. b3 Rg8 24. Rh3 Rg7 25. Rh6 Rg4 26. f3 Rg7 27.
Rxf6 Kd7 28. Ne2 Ke7 29. Rh6 Be3 30. Rh3 Kd6 31. Ng3 Kc5 32. Nf5 Rg8 33. Nxe3
Rd8 34. Ke2 Kb4 35. Rxh7 Rd7 36. Ng4 Re7 37. Nh6 Ka3 38. Rxf7 Rxf7 39. Nxf7
Kxa2 40. Nd8 Kxb3 41. Nxb7 Kxc4 42. h4 Kb4 43. h5 a5 44. Nxa5 Kxa5 45. h6 c5
46. Kd2 Kb4 47. h7 c4 48. g3 c3+ 49. Kc2 Kc4 50. f4 exf4 51. gxf4 Kd4 52. f5
Kxe4 53. f6 Ke5 54. f7 Ke6 55. f8=R Ke7 56. h8=R Ke6 57. Kxc3 Ke7 58. Rf2 Ke6
59. Re8+ Kd7 60. Re1 Kd6 61. Rd2+ Kc5 62. Rc1 Kc6 63. Kc2 Kc5 64. Kd1+ Kb4 65.
Rb2+ Ka3 66. Rb8 Ka2 67. Rc7 Ka3 68. Ra7# 1-0

[Event "DEM U12/U12w 2007"]
[Site "Willingen GER"]
[Date "2007.05.27"]
[Round "2"]
[White "Saak, Samira"]
[Black "Hümmecke, Miriam"]
[Result "0-1"]
[Termination "normal"]
[Board "43"]
[WhiteElo "1011"]
[BlackElo "1401"]
[PlyCount "70"]
[EventCountry "GER"]
[EventRounds "11"]
[EventType "swiss"]
[EventDate "2007.05.26"]

1. d4 d5 2. c4 e6 3. Nc3 Nf6 4. Bf4 Nbd7 5. e3 c6 6. Nf3 Bb4 7. Bd3 dxc4 8.
Bxc4 b5 9. Bd3 a6 10. O-O O-O 11. a3 Be7 12. Rc1 c5 13. dxc5 Nxc5 14. Ne5 Qb6
15. Re1 Rd8 16. Qc2 Bd6 17. Ne4 Ncxe4 18. Bxe4 Nxe4 19. Qxe4 Bb7 20. Qc2 f6 21.
Nd3 Be4 22. Qc3 Bxd3 23. Bxd6 Rxd6 24. Red1 Rad8 25. Rd2 Bc4 26. Rcd1 Rxd2 27.
Rxd2 Rd6 28. Qb4 Rxd2 29. Qxd2 Bd5 30. Qd3 Qc5 31. h3 Qc1+ 32. Kh2 Qxb2 33. e4
Qe5+ 34. Kh1 Qxe4 35. Qc3 Qxg2# 0-1

[Event "DEM U12/U12w 2007"]
[Site "Willingen GER"]
[Date "2007.05.27"]
[Round "2"]
[White "Schreiber, Kevin"]
[Black "Wander, Tatjana"]
[Result "1-0"]
[Termination "normal"]
[Board "44"]
[WhiteElo "1352"]
[BlackElo "1021"]
[PlyCount "69"]
[WhiteFideId "24655830"]
[EventCountry "GER"]
[EventRounds "11"]
[EventType "swiss"]
[EventDate "2007.05.26"]

1. d4 d5 2. Nf3 e6 3. e3 c6 4. Bd3 Nf6 5. Nbd2 Bd6 6. O-O Nbd7 7. e4 O-O 8. e5
Bc7 9. exf6 Nxf6 10. Nb3 h6 11. Bd2 Re8 12. c3 e5 13. dxe5 Bxe5 14. Nxe5 Rxe5
15. Re1 Rxe1+ 16. Qxe1 Bd7 17. Qe2 Qc7 18. h3 Re8 19. Qf3 c5 20. Bf5 Bxf5 21.
Qxf5 b6 22. Bxh6 gxh6 23. Qxf6 Kh7 24. Qf5+ Kh8 25. Qxd5 Rg8 26. Re1 Rg5 27.
Re8+ Kh7 28. Qd8 Qb7 29. Rh8+ Kg6 30. Qg8+ Kf6 31. Rxh6+ Kf5 32. g4+ Kf4 33.
Rf6+ Ke5 34. Qxg5+ Ke4 35. Qf5# 1-0